Соблюдение на АЭС принципа независимости при работе систем безопасности от энергосистемы; Атомная энергия; Т. 94, вып. 2

Detalhes bibliográficos
Parent link:Атомная энергия: теоретический и научно-технический журнал/ Российская академия наук ; Министерство РФ по атомной энергии, ядерного общества.— , 1956-.— 0004-7163
Т. 94, вып. 2.— 2003.— с. 114-120
Autor principal: Тарасенко В. М.
Idioma:russo
Publicado em: 2003
coleção:Статьи
Assuntos:
Formato: Capítulo de Livro
KOHA link:https://koha.lib.tpu.ru/cgi-bin/koha/opac-detail.pl?biblionumber=425857

MARC

LEADER 00000naa2a2200000 4500
001 425857
005 20231101074454.0
035 |a (RuTPU)RU\TPU\prd\84521 
035 |a RU\TPU\prd\12348 
090 |a 425857 
100 |a 20100624a2003 k y0rusy50 ca 
101 0 |a rus 
102 |a RU 
200 1 |a Соблюдение на АЭС принципа независимости при работе систем безопасности от энергосистемы  |f В. М. Тарасенко 
225 1 |a Статьи 
320 |a Библиогр.: 17 назв. 
461 1 |0 (RuTPU)RU\TPU\prd\33  |x 0004-7163  |t Атомная энергия  |o теоретический и научно-технический журнал  |f Российская академия наук ; Министерство РФ по атомной энергии, ядерного общества  |d 1956- 
463 1 |0 (RuTPU)RU\TPU\prd\84517  |t Т. 94, вып. 2  |v с. 114-120  |d 2003 
610 1 |a атомные электрические станции 
610 1 |a независимость 
610 1 |a энергосистемы 
610 1 |a проектирование 
610 1 |a отказы 
610 1 |a качество электроэнергии 
610 1 |a системы безопасности 
610 1 |a дизель-генераторы 
610 1 |a регуляторы качества 
610 1 |a алгоритм поиска 
675 |a 621.039.58  |v 3 
700 1 |a Тарасенко  |b В. М. 
801 1 |a RU  |b 63413507  |c 20030403  |g PSBO 
801 2 |a RU  |b 63413507  |c 20100624  |g RCR 
942 |c BK